Grand Prix de Monaco 1996 Final Classification - Statistics

General Stats
  • This quiz has been taken 6 times
  • The average score is 15 of 22
Answer Stats
Position Nationality Team Answer % Correct
11 (RET) England Williams-Renault Damon Hill
100%
7 (RET) England Ferrari Eddie Irvine
100%
4 Germany Sauber-Ford Heinz-Harald Frentzen
100%
8 (RET) Canada Williams-Renault Jacques Villeneuve
100%
17 (RET) Germany Ferrari Michael Schumacher
100%
6 (RET) Finland Mclaren-Mercedes Mika Hakkinen
100%
2 England Mclaren-Mercedes David Coulthard
83%
13 (RET) Austria Benetton-Renault Gerhard Berger
83%
3 England Sauber-Ford Johnny Herbert
83%
21 (RET) The Netherlands Footwork-Hart Jos Verstappen
83%
5 (RET) Finland Tyrrell-Yamaha Mika Salo
83%
1 France Ligier-Mugen Honda Olivier Panis
83%
20 (RET) Italy Minardi-Ford Giancarlo Fisichella
67%
10 (RET) France Benetton-Renault Jean Alesi
67%
18 (RET) Brazil Jordan-Peugeot Rubens Barrichello
67%
16 (RET) Japan Tyrrell-Yamaha Ukyo Katayama
50%
DNS Italy Forti-Ford Andrea Montermini
33%
9 (RET) Italy Forti-Ford Luca Badoer
33%
14 (RET) Brazil Ligier-Mugen Honda Pedro Diniz
33%
19 (RET) Portugal Minardi-Ford Pedro Lamy
33%
12 (RET) England Jordan-Peugeot Martin Brundle
17%
15 (RET) Brazil Footwork-Hart Ricardo Rosset
17%
No matching quizzes found
Score Distribution
Percent of People with Each Score
Percentile by Number Answered
Your Score History
You have not taken this quiz